00330nam a2200145Ia 4500003000500000008004100005020001800046040001900064082000700083100001700090245002600107260003100133300000800164546001200172STCL181203s9999 xx 000 0 und d a9780140370737 aSTCLbENcSTCL 222 aPilling, Ann 0aMother's Daily Scream bPuffin BooksaLondonc1996 a181 aEnglish